The jewish sermon in 14 th century Spain (Record no. 13713)
[ view plain ]
| 000 -LEADER | |
|---|---|
| campo de control de longitud fija | 00811nam a2200241 i 4500 |
| 001 - NÚMERO DE CONTROL | |
| campo de control | 13713 |
| 003 - IDENTIFICADOR DE NÚMERO DE CONTROL | |
| campo de control | ES-MaACL |
| 005 - FECHA Y HORA DE LA ÚLTIMA TRANSACCIÓN | |
| campo de control | 20230906150640.0 |
| 007 - CAMPO FIJO DE DESCRIPCIÓN FÍSICA--INFORMACIÓN GENERAL | |
| campo de control de longitud fija | t| |
| 008 - DATOS DE LONGITUD FIJA--INFORMACIÓN GENERAL | |
| campo de control de longitud fija | 980609s1989 xxk ||||1| eng d |
| 020 ## - NÚMERO INTERNACIONAL ESTÁNDAR DEL LIBRO | |
| Número Internacional Estándar del Libro | 0-674-47456-2 |
| 080 ## - NÚMERO DE LA CLASIFICACIÓN DECIMAL UNIVERSAL | |
| Número de la Clasificación Decimal Universal | 296.4 |
| 100 1# - ENTRADA PRINCIPAL--NOMBRE DE PERSONA | |
| Nombre de persona | Horowitz, Carmi. |
| 9 (RLIN) | 64239 |
| 245 14 - MENCIÓN DEL TÍTULO | |
| Título | The jewish sermon in 14 th century Spain |
| Resto del título | : the derashot of R. Joshua Ibn Shu'Eib / |
| Mención de responsabilidad, etc. | by Carmi Horowitz. |
| 260 ## - PUBLICACIÓN, DISTRIBUCIÓN, ETC. | |
| Lugar de publicación, distribución, etc. | Cambridge [etc.] : |
| Nombre del editor, distribuidor, etc. | Harvard University Press, |
| Fecha de publicación, distribución, etc. | 1989. |
| 300 ## - DESCRIPCIÓN FÍSICA | |
| Extensión | IX, 206 p. ; |
| Dimensiones | 23 cm. |
| 490 1# - MENCIÓN DE SERIE | |
| Mención de serie | Harvard judaic monographs ; |
| Designación de volumen o secuencia | 6 |
| 600 14 - PUNTO DE ACCESO ADICIONAL DE MATERIA--NOMBRE DE PERSONA | |
| Nombre de persona | Ibn Shu'eib, Joshua. |
| 9 (RLIN) | 65018 |
| 650 #4 - PUNTO DE ACCESO ADICIONAL DE MATERIA--TÉRMINO DE MATERIA | |
| Término de materia o nombre geográfico como elemento de entrada | Sermones judíos- |
| Subdivisión geográfica | España- |
| Subdivisión de forma | Historia y crítica. |
| 9 (RLIN) | 17054 |
| 830 0# - PUNTO DE ACCESO ADICIONAL DE SERIE-TÍTULO UNIFORME | |
| Título uniforme | Harvard judaic monographs ; |
| Designación de volumen o secuencia | 6 |
| 9 (RLIN) | 228448 |
| 852 ## - LOCALIZACIÓN | |
| Ubicación | ES-MaACL |
| Número de control de estantería | L-21062 |
| Sublocalización o colección | R.118567 |
| Estatus retirado | Estado de pérdida | Estado de daño | No para préstamo | Biblioteca de origen | Biblioteca actual | Ubicación en estantería | Fecha de adquisición | Fuente de adquisición | Total de préstamos | Signatura topográfica completa | Código de barras | Visto por última vez | Precio de reemplazo | Tipo de ítem Koha |
|---|---|---|---|---|---|---|---|---|---|---|---|---|---|---|
| Biblioteca del Ateneo de Madrid | Biblioteca del Ateneo de Madrid | Depósito 2 | 17/01/2008 | L-21062 | 1013957 | 23/02/2023 | 23/02/2023 | Libro impreso |
